Lecciones de ťica "conociendo el proceso histr̤ico"

Bibliographic Details
Main Author: Pacheco Inclǹ, Rubň
Format: eBook
Language:Spanish
Published: Ciudad de Mx̌ico: vLex Mx̌ico, 2020
Subjects:
Online Access:Acceso restringido

MARC

LEADER 00000nam a22000007a 4500
005 20200421165028.0
007 cr|||| ||||
008 200421s2020 mx |||||s|||| 00||0 spa d
020 |a 978-607-8685-25-7 
035 |a 31397 
040 |a vLex 
090 |c 10315  |d 10315 
100 1 |a Pacheco Inclǹ, Rubň 
245 1 0 |a Lecciones de ťica "conociendo el proceso histr̤ico"  |h [Recurso electrn̤ico] /  |c Rubň Pacheco Inclǹ 
256 |a Servicio en ln̕ea 
260 |a Ciudad de Mx̌ico:  |b vLex Mx̌ico,  |c 2020 
300 |a 1 recurso electrn̤ico 
500 |a El pensamiento basado en la razn̤, que inicia cinco siglos antes de la era cristiana, tuvo como prioridad el anl̀isis de las realidades y su forma de conduccin̤. El ser humano trabaj ̤en acabar con el mito, formando ideas que permitieran a la sociedad vivir armn̤icamente. El derecho, la religin̤ y los valores formaron partes de esos primeros procesos de adecuacin̤ en el comportamiento del ser humano. Fueron grandes fils̤ofos como Parmňides, Herc̀lito, Sc̤rates, Platn̤ o Aristt̤eles quienes encontraron una va̕ de direccin̤ a la mejor conducta del ser humano para la convivencia en sociedad: la ťica. La visualizaron como la n︢ica razn̤ interna del ser humano para conducirlo al comportamiento ms̀ coherente para la bs︢queda de la justicia y la paz. La ťica ha sido un motor y un modelo de anl̀isis en toda la historia. Pensadores como Kant, Descartes, Hegel y, el mismo, Friedrich Nietzsche buscaron en la ťica el modelador ms̀ fuerte para que la sociedad funcionara correctamente. En este libro, encontrar ̀el recorrido histr̤ico de todos los pensamientos acercados al modelamiento ťico. As ̕mismo, se abordar ̀la ťica como la base de una razn̤ ordenada, coherente y lg̤ica; el ethos como razn̤ pura que busca la definicin̤ y el estudio del bien y del mal, y su relacin̤ con la moral, pero, sobre todo, con la filosofa̕, la deontologa̕ y la axiologa̕. Este recorrido tambiň explica la elaboracin̤ de definiciones y juicios morales para la bs︢queda de los principios fundamentales y teleolg̤icos del sentido del Ser en la conducta humana que promuevan la autorregulacin̤. El proceder ťico analizado desde un perfil histr̤ico representa el conocimiento de la p̌oca; pero, tambiň, las bases inherentes de lo que hoy, ms̀ que nunca, necesita la sociedad: la ťica como modelador de comportamiento humano… como cohesionador social. 
506 1 |a Disponible solo en los productos indicados  |d vLex Global  |d vLex Global (Academic Edition, excluding Law Schools)  |d vLex Global (U.S. Academic Edition, Law Schools)  |d vLex Global (U.S. Academic Edition, excluding Law Schools)  |d vLex Global (Academic Edition, Law Schools) 
650 0 4 |a Derecho Militar  |z Mx̌ico 
740 0 |a vLex Libros (Servicio en ln̕ea) 
856 4 0 |u http://vlex.com/source/lecciones-de-etica-conociendo-el-proceso-historico--31397  |z Acceso restringido 
942 |c BOOK 
999 0 |a Military Law